FDI inflows to China : patterns and factors/
محفوظ في:
| المؤلف الرئيسي: | |
|---|---|
| التنسيق: | أطروحة كتاب |
| اللغة: | English |
| منشور في: |
2008.
|
| الموضوعات: | |
| الوسوم: |
إضافة وسم
لا توجد وسوم, كن أول من يضع وسما على هذه التسجيلة!
|
| LEADER | 01101cam a2200289 a 4500 | ||
|---|---|---|---|
| 001 | u784366 | ||
| 003 | SIRSI | ||
| 005 | 201001081705 | ||
| 008 | 100108s2008 my t 000 0 eng m | ||
| 040 | |a UMM |d UMK | ||
| 043 | |a a-cc--- | ||
| 090 | |a HB71 |b UM 2008 Che | ||
| 098 | |a HB71 |b UM 2008 Che | ||
| 100 | 1 | |a Chen, Xue Mei. | |
| 245 | 1 | 0 | |a FDI inflows to China : |b patterns and factors/ |c by Chen Xue Mei. |
| 260 | |c 2008. | ||
| 300 | |a vi, 104 leaves : |b ill. ; |c 30 cm. | ||
| 502 | |a Dissertation (M. Ec.) -- Jabatan Ekonomi, Fakulti Ekonomi dan Pentadbiran, Universiti Malaya, 2008. | ||
| 504 | |a Bibliography: leaves 88-93 | ||
| 650 | 0 | |a Investments, Foreign |z China. | |
| 650 | 0 | |a International trade |z China. | |
| 650 | 0 | |a International business enterprises |z China. | |
| 710 | 2 | |a Universiti Malaya. |b Jabatan Ekonomi. | |
| 900 | |a ZSA-ZA | ||
| 596 | |a 1 19 | ||
| 999 | |a HB71 UM 2008 CHE |w LC |c 1 |i A513735812 |d 22/4/2014 |e 22/4/2014 |f 28/1/2010 |g 1 |l STACKS |m P01UTAMA |n 10 |r Y |s Y |t TESIS |u 27/1/2010 | ||
| 999 | |a HB71 UM 2008 CHE |w LC |c 1 |i A513727691 |d 13/4/2010 |f 13/4/2010 |g 1 |l STACKS |m P19KOTA |r Y |s Y |t TESIS |u 12/4/2010 | ||
